000 00289nam a22001337a 4500
008 170621b xxu||||| |||| 00| 0 eng d
020 _a0393955176
041 _aeng
080 _27TH
_a94
100 _a16
101 _aSHH
245 _aWORLD CIVILIZATIONS
_cBURNS,MCC
942 _2udc
_cBK
999 _c18443
_d18443